000 00746nam a2200277 i 4500
001 bgj
100 1 _aSHAKESPEARE, William
_d(1564-1616)
245 1 0 _aRomeo and Juliet /
_cWilliam Shakespeare ; edited by T. J. B Spencer.
260 _aLondon :
_bPenguin Books,
_c1967.
300 _a294, [1] pp ;
_c18 cm.
490 1 _aNew Penguin Shakespeare
650 9 _aConflict of generations
650 9 _aVendetta
650 9 _aYouth
650 9 _aTragedies
651 9 _aVerona (|Italy)
655 _aDrama
700 1 _aSPENCER, T J. B.
_eed.
830 _aNew Penguin Shakespeare
020 _a0140707018
040 _cBPK
041 _aeng
920 _a0-14-0707-018
942 _cKS
008 s uk f |000 0 eng
999 _c48827
_d48827
856 _uhttp://koha.tu.koszalin.pl/cgi-bin/koha/opac-detail.pl?biblionumber=48827
_yKatalog online BPK